Statistics for EU Countries By GDP Per Capita

Click here to take the quiz!

General Stats

  • This quiz has been taken 31 times
  • The average score is 22 of 27

Answer Stats

$Country% Correct
$133,590Luxembourg
100%
$102,220Ireland
96%
$68,010Denmark
91%
$57,770Netherlands
91%
$56,360Sweden
91%
$12,510Bulgaria
87%
$43,660France
87%
$51,200Germany
87%
$33,740Italy
87%
$15,620Romania
87%
$52,060Austria
83%
$20,880Greece
83%
$32,920Malta
83%
$29,480Slovenia
83%
$50,590Belgium
78%
$17,320Croatia
78%
$31,550Cyprus
78%
$28,090Czech Republic
78%
$29,340Estonia
78%
$52,820Finland
78%
$18,980Hungary
78%
$20,560Slovakia
78%
$27,400Spain
78%
$21,480Latvia
74%
$19,020Poland
74%
$22,420Portugal
74%
$24,030Lithuania
70%

Score Distribution

Percentile by Number Answered

Percent of People with Each Score

Your Score History

You have not taken this quiz